Plne rozvinúť všetky funkcie odborov

Podrobná bibliografia
Hlavný autor: Hoffmann, Karel, 1924-2013 (Autor)
Médium: Článok
Jazyk:slovenčina
Predmet:

MARC

LEADER 00000nab a2200000 a 4500
001 vtls000036924
003 SK-MaSNL
005 20260303023029.0
008 190109c1979 xo 0 slo
015 |a SNBRB19rr/mm-uuuuu 
035 |a CL0047019 
040 |a SNKBUCL  |b slo  |c SNKBUCL  |e AACR2 
041 0 |a slo 
044 |a xo  |c SK 
080 |a 331.88(437)  |2 1981 
100 1 |a Hoffmann, Karel,  |d 1924-2013  |4 aut  |9 161190 
245 1 0 |a Plne rozvinúť všetky funkcie odborov  |c Karel Hoffmann 
610 2 7 |a Revolučné odborové hnutie.  |b Ústredná rada odborov  |2 snkbucl  |9 180099 
651 7 |a 3100  |2 snkbucl  |9 920766 
655 7 |a články z novín a časopisov  |2 snkbucl  |9 267496 
773 0 |t Práca  |g Roč. 34, č. 230 (29. 9. 1979), s. 3-4 
850 |a Slovenská národná knižnica v Martine  |a MTA001 
852 |a SNK  |b KIS3GCP 
958 |a RK 
992 |a RBX 
999 |c 1632155  |d 1634085